[Event "II. CLANSKA LIGA ZAHOD 2024"]
[Site "Komenda"]
[Date "2024.11.24"]
[Round "9.5"]
[White "Suhadolnik, Jernej"]
[Black "Markovcic, Gregor"]
[Result "0-1"]
[WhiteElo "1913"]
[BlackElo "1531"]
[PlyCount "102"]
[EventDate "2024.11.15"]
[WhiteTeam "SK TRZIN"]
[BlackTeam "SK POSTOJNA"]

1. g4 d5 2. Bg2 Bxg4 3. c4 e6 4. Qb3 Nc6 5. cxd5 exd5 6. Bxd5 Nd4 7. Qa4+ c6 8.
Qxd4 Qxd5 9. Qxd5 cxd5 10. d3 Rc8 11. Nc3 Bb4 12. Bd2 Rd8 13. Nb5 Bxd2+ 14.
Kxd2 a6 15. Nd4 Nf6 16. Ngf3 Bxf3 17. Nxf3 O-O 18. Nd4 g6 19. Rac1 Rd7 20. f4
Re8 21. f5 Nh5 22. fxg6 hxg6 23. Rhf1 Kh7 24. Rc5 Ng7 25. Nf3 Ne6 26. Rc2 Rde7
27. e3 Kh6 28. Ne5 Ng5 29. Ng4+ Kg7 30. Nf6 Rd8 31. Rc5 Rd6 32. Nxd5 Re5 33. e4
Rxe4 34. Nc7 Re7 35. Rxg5 Rxc7 36. Rg2 Rc5 37. b4 Rcd5 38. Rf3 a5 39. a3 axb4
40. axb4 Rb5 41. Rg4 Rh5 42. h3 f5 43. Rc4 Kh6 44. Kc3 b5 45. Rc5 Rb6 46. d4
Rh4 47. d5 Kg5 48. Rd3 Rh7 49. Rc8 f4 50. Kd4 Rd7 51. Rc6 Rxc6 0-1

[Event "II. CLANSKA LIGA ZAHOD 2024"]
[Site "Komenda"]
[Date "2024.11.24"]
[Round "9.5"]
[White "Usaj, Benjamin"]
[Black "Leben, Dusan"]
[Result "0-1"]
[WhiteElo "1428"]
[BlackElo "1876"]
[PlyCount "68"]
[EventDate "2024.11.15"]
[WhiteTeam "SK POSTOJNA"]
[BlackTeam "SK TRZIN"]

1. c4 Nf6 2. d4 e6 3. Nc3 d5 4. Nf3 c6 5. e3 Bd6 6. Bd3 O-O 7. O-O Nbd7 8. e4
dxe4 9. Nxe4 Nxe4 10. Bxe4 Nf6 11. Qc2 Nxe4 12. Qxe4 Be7 13. Rd1 Bf6 14. b3 Qe7
15. a4 Re8 16. Ba3 Qc7 17. Rac1 b6 18. b4 Bb7 19. Qe3 Rad8 20. h3 h6 21. Bb2 c5
22. Bc3 Bxf3 23. gxf3 Bg5 24. f4 Bxf4 25. Qf3 Bxc1 26. Rxc1 cxd4 27. Bd2 Qe5
28. Re1 Qf5 29. Qb3 e5 30. c5 Re6 31. Rc1 d3 32. c6 Rg6+ 33. Kh2 Qxf2+ 34. Kh1
Qg2# 0-1